| 000 | 00520nam a22001937a 4500 | ||
|---|---|---|---|
| 003 | LK-CoMWRAF | ||
| 005 | 20231013154733.0 | ||
| 008 | 231008b1992 |||||||| |||| 00| 0 eng d | ||
| 040 |
_aLK-CoMWRAF _dLK-CoMWRAF _eLK-CoMWRAF |
||
| 041 | _aeng | ||
| 082 |
_a891.4 _bTAG |
||
| 100 | _aTagore, Rabindranath | ||
| 245 | _aA Tagore testament | ||
| 260 |
_aBombay: _bJaico publishing house _c1992 |
||
| 300 | _axii, 114 p. 23 cm. | ||
| 650 | _aBENGALI LITERATURE, TRANSLATIONS | ||
| 700 |
_aDutt, Indu _etrans. |
||
| 942 | _cBK | ||
| 999 |
_c3813 _d3813 |
||